¿Por qu ̌se es responsable jurd̕icamente?: fundamentos de conocimiento jurd̕ico

Detalles Bibliográficos
Otros Autores: Hoyo Sierra, Isabel Araceli (edit. lit), Sǹchez de la Torre, aÌ‚Angel (edit. lit)
Formato: Desconocido
Lenguaje:español
Publicado: Madrid : Dykinson, S.L., 2007
Materias:
Acceso en línea:Acceso restringido

MARC

LEADER 00000ny a22000003n 4500
005 20110519102813.0
008 070712s2007 sp 000 0 spa d
020 |a 9788498490473 
035 |a 2323 
040 |a BUS  |d vLex 
080 |a 347.51(0.034) 
090 |c 27  |d 27 
245 0 1 |a ¿Por qu ̌se es responsable jurd̕icamente?:  |b fundamentos de conocimiento jurd̕ico  |h [Recurso electrn̤ico]  |c editores:ℓngel Sǹchez de la Torre, Isabel Araceli Hoyo Sierra 
256 |a Servicio en ln̕ea 
260 |a Madrid :  |b Dykinson, S.L.,  |c 2007 
506 1 |a Contenido solo disponible en los productos indicados  |d vLex Global  |d vLex Global (Academic Edition, excluding Law Schools)  |d vLex Global (U.S. Academic Edition, Law Schools)  |d vLex Global (U.S. Academic Edition, excluding Law Schools)  |d vLex Global (Academic Edition, Law Schools) 
650 0 7 |a Civil  |2 Tesauro vLex 
650 0 7 |a Responsabilidad Penal  |2 Tesauro vLex 
650 0 7 |a Penal  |2 Tesauro vLex 
650 0 7 |a Responsabilidad civil  |2 Tesauro vLex 
700 1 |a Hoyo Sierra, Isabel Araceli,  |e edit. lit 
700 1 |a Sǹchez de la Torre, aÌ‚Angel,  |e edit. lit 
740 0 |a vLex Libros (Servicios en ln̕ea) 
856 4 0 |u http://vlex.com/source/2323  |z Acceso restringido 
942 |c BOOK 
999 0 |a Civil Law